[Event "WSTCC-65 2020"]
[Site "Prague"]
[Date "2020.03.06"]
[Round "1.19"]
[White "Kierzek, Mira"]
[Black "Shevelev, Arkady"]
[Result "0-1"]
[WhiteElo "1983"]
[BlackElo "2278"]
[Annotator "ChessBase"]
[PlyCount "170"]
[EventDate "2020.03.06"]
[EventType "team-tourn"]
[EventCountry "CZE"]
[SourceTitle "playchess.com"]
[Source "ChessBase"]
[SourceQuality "1"]
[TimeControl "40/5400+30:1800+30"]

1. d4 {[%emt 0:00:00]} Nf6 {[%emt 0:00:00]} 2. Nf3 {[%emt 0:00:00]} d5 {[%emt 0:00:00]} 3. c4 {[%emt 0:00:29]} c5 {[%emt 0:00:03]} 4. cxd5 {[%emt 0:01:01]} cxd4 {[%emt 0:00:09]} 5. Qxd4 {[%emt 0:00:17]} Qxd5 {[%emt 0:00:13]} 6. Nc3 {[%emt 0:00:31]} Qxd4 {[%emt 0:00:12]} 7. Nxd4 {[%emt 0:00:08]} a6 {[%emt 0:00:09]} 8. g3 {[%emt 0:02:22]} e5 {[%emt 0:00:09]} 9. Nc2 {[%emt 0:02:00]} Bf5 {[%emt 0:00:22]} 10. Ne3 {[%emt 0:02:25]} Be6 {[%emt 0:00:11]} 11. Bg2 {[%emt 0:01:01]} Nc6 {[%emt 0:00:09]} 12. O-O {[%emt 0:00:57]} O-O-O {[%emt 0:00:16]} 13. Nc2 {[%emt 0:07:16]} Be7 {[%emt 0:11:49]} 14. h3 {[%emt 0:14:17]} Nd4 {[%emt 0:01:23]} 15. Nxd4 {[%emt 0:09:39]} exd4 {[%emt 0:00:11]} 16. Nb1 {[%emt 0:01:04]} Nd5 {[%emt 0:04:33]} 17. a3 {[%emt 0:02:36]} Kb8 {[%emt 0:01:51]} 18. Rd1 {[%emt 0:03:26]} Nb6 {[%emt 0:02:16]} 19. Bf4+ {[%emt 0:01:52]} Bd6 {[%emt 0:00:16]} 20. Bxd6+ {[%emt 0:05:11]} Rxd6 {[%emt 0:00:07]} 21. Nd2 {[%emt 0:02:37]} f5 {[%emt 0:00:22]} 22. Rac1 {[%emt 0:05:36]} Rhd8 {[%emt 0:01:06]} 23. Re1 {[%emt 0:06:52]} Na4 {[%emt 0:01:23]} 24. Nc4 {[%emt 0:01:48]} R6d7 {[%emt 0:01:11]} 25. Ne5 {[%emt 0:05:28]} Rd6 {[%emt 0:00:38]} 26. Nc4 {[%emt 0:01:37]} Bxc4 {[%emt 0:02:21]} 27. Rxc4 {[%emt 0:01:48]} b5 {[%emt 0:00:21]} 28. Rc2 {[%emt 0:02:18]} Rc8 {[%emt 0:02:07]} 29. Rd2 {[%emt 0:04:12]} Nc5 {[%emt 0:02:00]} 30. Red1 {[%emt 0:02:30]} Nb3 {[%emt 0:03:56]} 31. Rd3 {[%emt 0:00:29]} Rc1 {[%emt 0:02:52]} 32. Bf3 {[%emt 0:06:21]} Rxd1+ {[%emt 0:00:28]} 33. Rxd1 {[%emt 0:00:01]} a5 {[%emt 0:00:55]} 34. Bg2 {[%emt 0:00:56]} Kc7 {[%emt 0:01:40]} 35. Bf1 {[%emt 0:02:14]} a4 {[%emt 0:03:35]} 36. Kg2 {[%emt 0:00:49]} Rc6 {[%emt 0:00:53]} 37. e3 {[%emt 0:02:53]} dxe3 {[%emt 0:00:08]} 38. fxe3 {[%emt 0:00:15]} Rc2+ {[%emt 0:00:07]} 39. Kg1 {[%emt 0:00:27]} Rxb2 {[%emt 0:02:24]} 40. Bxb5 {[%emt 0:00:00]} Nc5 {[%emt 0:00:00]} 41. Bc4 {[%emt 0:07:46]} Rc2 {[%emt 0:00:35]} 42. Bg8 {[%emt 0:02:29]} Rc3 {[%emt 0:00:14]} 43. Rd5 {[%emt 0:04:16]} Ne4 {[%emt 0:04:20]} 44. Rxf5 {[%emt 0:12:04]} Nf6 {[%emt 0:00:12]} 45. Bf7 {[%emt 0:00:43]} Rxe3 {[%emt 0:00:14]} 46. Kg2 {[%emt 0:00:44]} Rxa3 {[%emt 0:00:16]} 47. g4 {[%emt 0:00:30]} Rc3 {[%emt 0:00:54]} 48. Ra5 {[%emt 0:03:15]} a3 {[%emt 0:00:10]} 49. Be6 {[%emt 0:00:33]} Kb6 {[%emt 0:00:34]} 50. Ra8 {[%emt 0:00:11]} h6 {[%emt 0:02:22]} 51. Bf7 {[%emt 0:01:18]} Re3 {[%emt 0:04:09]} 52. Ra4 {[%emt 0:01:12]} Re7 {[%emt 0:00:51]} 53. Bb3 {[%emt 0:00:43]} Ra7 {[%emt 0:00:40]} 54. Rxa7 {[%emt 0:00:11]} Kxa7 {[%emt 0:00:05]} 55. Kf3 {[%emt 0:00:10]} Kb6 {[%emt 0:00:23]} 56. Kf4 {[%emt 0:00:15]} Kc5 {[%emt 0:01:42]} 57. Kf5 {[%emt 0:00:58]} Kb4 {[%emt 0:00:08]} 58. Ba2 {[%emt 0:00:58]} Kc3 {[%emt 0:00:30]} 59. Kg6 {[%emt 0:00:20]} Kb2 {[%emt 0:00:05]} 60. Bc4 {[%emt 0:01:00]} Nd7 {[%emt 0:00:40]} 61. Kxg7 {[%emt 0:01:02]} Nc5 {[%emt 0:00:30]} 62. Kxh6 {[%emt 0:01:17]} Nb3 {[%emt 0:00:09]} 63. Bxb3 {[%emt 0:00:37]} Kxb3 {[%emt 0:00:10]} 64. g5 {[%emt 0:00:02]} a2 {[%emt 0:00:14]} 65. g6 {[%emt 0:00:04]} a1=Q {[%emt 0:00:10]} 66. g7 {[%emt 0:00:07]} Qf6+ {[%emt 0:00:27]} 67. Kh7 {[%emt 0:01:03]} Qf7 {[%emt 0:00:11]} 68. h4 {[%emt 0:00:17]} Qh5+ {[%emt 0:00:35]} 69. Kg8 {[%emt 0:00:11]} Qxh4 {[%emt 0:00:08]} 70. Kf7 {[%emt 0:00:13]} Qh7 {[%emt 0:00:29]} 71. Kf8 {[%emt 0:00:06]} Qf5+ {[%emt 0:00:08]} 72. Ke7 {[%emt 0:00:20]} Qg6 {[%emt 0:00:11]} 73. Kf8 {[%emt 0:00:15]} Qf6+ {[%emt 0:00:07]} 74. Kg8 {[%emt 0:00:14]} Kc4 {[%emt 0:00:07]} 75. Kh7 {[%emt 0:00:10]} Qf7 {[%emt 0:00:11]} 76. Kh8 {[%emt 0:00:26]} Qh5+ {[%emt 0:00:06]} 77. Kg8 {[%emt 0:00:15]} Kd5 {[%emt 0:00:21]} 78. Kf8 {[%emt 0:00:16]} Qf5+ {[%emt 0:00:06]} 79. Ke8 {[%emt 0:01:16]} Qg6+ {[%emt 0:00:16]} 80. Kf8 {[%emt 0:00:10]} Qf6+ {[%emt 0:00:09]} 81. Kg8 {[%emt 0:00:50]} Ke6 {[%emt 0:00:12]} 82. Kh7 {[%emt 0:00:24]} Qf7 {[%emt 0:00:16]} 83. Kh8 {[%emt 0:00:33]} Qh5+ {[%emt 0:00:07]} 84. Kg8 {[%emt 0:00:20]} Kf6 {[%emt 0:00:07]} 85. Kf8 {[%emt 0:00:23]} Qf7# {[%emt 0:00:07]} 0-1

[Event "WSTCC-65 2020"]
[Site "Prague"]
[Date "2020.03.06"]
[Round "1.20"]
[White "Lederman, Leon"]
[Black "Kube, Hannelore"]
[Result "1-0"]
[WhiteElo "2234"]
[BlackElo "1919"]
[Annotator "ChessBase"]
[PlyCount "59"]
[EventDate "2020.03.06"]
[EventType "team-tourn"]
[EventCountry "CZE"]
[SourceTitle "playchess.com"]
[Source "ChessBase"]
[SourceQuality "1"]
[TimeControl "40/5400+30:1800+30"]

1. e4 {[%emt 0:00:00]} e5 {[%emt 0:00:00]} 2. Nf3 {[%emt 0:00:00]} Nf6 {[%emt 0:00:00]} 3. Nxe5 {[%emt 0:00:00]} d6 {[%emt 0:00:00]} 4. Nf3 {[%emt 0:00:00]} Nxe4 {[%emt 0:00:02]} 5. Nc3 {[%emt 0:00:00]} Nf6 {[%emt 0:00:14]} 6. d4 {[%emt 0:00:12]} Be7 {[%emt 0:00:14]} 7. Bg5 {[%emt 0:00:43]} h6 {[%emt 0:06:26]} 8. Bf4 {[%emt 0:01:15]} Bf5 {[%emt 0:04:09]} 9. Bd3 {[%emt 0:01:37]} Qd7 {[%emt 0:02:05]} 10. h3 {[%emt 0:01:11]} Nc6 {[%emt 0:05:50]} 11. g4 {[%emt 0:07:57]} Bxd3 {[%emt 0:02:05]} 12. Qxd3 {[%emt 0:00:05]} Nb4 {[%emt 0:08:24]} 13. Qe2 {[%emt 0:00:24]} O-O-O {[%emt 0:06:17]} 14. O-O-O {[%emt 0:01:18]} Nfd5 {[%emt 0:12:37]} 15. Nxd5 {[%emt 0:04:22]} Nxd5 {[%emt 0:00:23]} 16. Bd2 {[%emt 0:00:03]} Rde8 {[%emt 0:05:30]} 17. Qd3 {[%emt 0:03:47]} Qc6 {[%emt 0:07:18]} 18. h4 {[%emt 0:07:49]} Nf6 {[%emt 0:04:37]} 19. g5 {[%emt 0:11:51]} Ng4 {[%emt 0:07:02]} 20. Rhf1 {[%emt 0:07:02]} Qd7 {[%emt 0:04:11]} 21. Bf4 {[%emt 0:06:12]} hxg5 {[%emt 0:02:55]} 22. hxg5 {[%emt 0:00:09]} Rh3 {[%emt 0:00:23]} 23. Bg3 {[%emt 0:02:06]} Reh8 {[%emt 0:11:50]} 24. Rde1 {[%emt 0:02:34]} R3h5 {[%emt 0:03:56]} 25. Qd2 {[%emt 0:04:56]} Qf5 {[%emt 0:02:33]} 26. Rxe7 Qxf3 {[%emt 0:00:15]} 27. Qa5 {[%emt 0:00:35]} b6 {[%emt 0:00:41]} 28. Qxa7 {[%emt 0:00:22]} Qc6 {[%emt 0:00:30]} 29. Bxd6 {[%emt 0:07:41]} cxd6 {[%emt 0:00:34]} 30. d5 {[%emt 0:00:05]} 1-0

[Event "WSTCC-65 2020"]
[Site "Prague"]
[Date "2020.03.06"]
[Round "1.21"]
[White "Giffard, Nicolas"]
[Black "James, David J"]
[Result "1-0"]
[WhiteElo "2236"]
[BlackElo "2122"]
[Annotator "ChessBase"]
[PlyCount "89"]
[EventDate "2020.03.06"]
[EventType "team-tourn"]
[EventCountry "CZE"]
[SourceTitle "playchess.com"]
[Source "ChessBase"]
[SourceQuality "1"]
[TimeControl "40/5400+30:1800+30"]

1. d4 {[%emt 0:00:00]} Nf6 {[%emt 0:00:00]} 2. c4 {[%emt 0:00:00]} e6 {[%emt 0:00:00]} 3. Nf3 {[%emt 0:00:03]} b6 {[%emt 0:00:00]} 4. a3 {[%emt 0:00:08]} Ba6 {[%emt 0:04:29]} 5. Qa4 {[%emt 0:05:12]} Be7 {[%emt 0:02:18]} 6. Nc3 {[%emt 0:01:04]} Bb7 {[%emt 0:00:46]} 7. Qc2 {[%emt 0:01:07]} d5 {[%emt 0:03:22]} 8. cxd5 {[%emt 0:00:35]} exd5 {[%emt 0:01:18]} 9. Bf4 {[%emt 0:00:47]} a6 {[%emt 0:03:44]} 10. e3 {[%emt 0:00:09]} O-O {[%emt 0:02:15]} 11. Bd3 {[%emt 0:00:36]} c5 {[%emt 0:02:56]} 12. O-O {[%emt 0:09:07]} Nbd7 {[%emt 0:06:34]} 13. Rad1 {[%emt 0:01:47]} c4 {[%emt 0:04:27]} 14. Bf5 {[%emt 0:01:34]} g6 {[%emt 0:00:47]} 15. Bh3 {[%emt 0:00:20]} Re8 {[%emt 0:01:12]} 16. Ne5 {[%emt 0:04:10]} Nf8 {[%emt 0:02:46]} 17. g4 {[%emt 0:02:49]} Ne6 {[%emt 0:05:53]} 18. Bg3 {[%emt 0:08:30]} Ng5 {[%emt 0:04:40]} 19. Bg2 {[%emt 0:00:07]} b5 {[%emt 0:03:02]} 20. f3 {[%emt 0:02:05]} Qb6 {[%emt 0:03:17]} 21. h4 {[%emt 0:01:31]} Ne6 {[%emt 0:00:08]} 22. f4 {[%emt 0:00:28]} Ng7 {[%emt 0:05:50]} 23. Bf3 {[%emt 0:14:03]} a5 {[%emt 0:00:26]} 24. Qg2 {[%emt 0:00:21]} Rad8 {[%emt 0:02:06]} 25. g5 {[%emt 0:02:00]} Ne4 {[%emt 0:02:35]} 26. Nxe4 {[%emt 0:01:38]} dxe4 {[%emt 0:00:07]} 27. Bxe4 {[%emt 0:00:06]} Bxe4 {[%emt 0:01:27]} 28. Qxe4 {[%emt 0:00:13]} f6 {[%emt 0:05:34]} 29. gxf6 {[%emt 0:07:46]} Bxf6 {[%emt 0:00:18]} 30. Bf2 {[%emt 0:01:51]} Qc7 {[%emt 0:05:23]} 31. Kg2 {[%emt 0:02:10]} Qe7 {[%emt 0:13:24]} 32. Rh1 {[%emt 0:00:29]} b4 {[%emt 0:00:21]} 33. axb4 {[%emt 0:01:39]} axb4 {[%emt 0:00:10]} 34. Qc6 {[%emt 0:01:52]} Rc8 {[%emt 0:01:34]} 35. Qd5+ {[%emt 0:00:08]} Qe6 {[%emt 0:00:37]} 36. Qxe6+ {[%emt 0:00:17]} Rxe6 {[%emt 0:00:03]} 37. Rc1 {[%emt 0:00:21]} Bxe5 {[%emt 0:03:22]} 38. fxe5 {[%emt 0:00:06]} Ra6 {[%emt 0:02:25]} 39. Ra1 {[%emt 0:04:14]} Rxa1 {[%emt 0:03:02]} 40. Rxa1 {[%emt 0:00:00]} c3 {[%emt 0:00:00]} 41. bxc3 {[%emt 0:00:11]} bxc3 {[%emt 0:00:37]} 42. Rc1 {[%emt 0:00:14]} c2 {[%emt 0:00:13]} 43. Kf3 {[%emt 0:00:16]} Nf5 {[%emt 0:02:12]} 44. Ke2 {[%emt 0:01:03]} Kf7 {[%emt 0:01:35]} 45. Kd3 {[%emt 0:00:12]} 1-0

[Event "WSTCC-65 2020"]
[Site "Prague"]
[Date "2020.03.06"]
[Round "1.22"]
[White "Powell, Lloyd"]
[Black "Boudre, Jean-Pierre"]
[Result "1/2-1/2"]
[WhiteElo "2057"]
[BlackElo "2263"]
[Annotator "ChessBase"]
[PlyCount "83"]
[EventDate "2020.03.06"]
[EventType "team-tourn"]
[EventCountry "CZE"]
[SourceTitle "playchess.com"]
[Source "ChessBase"]
[SourceQuality "1"]
[TimeControl "40/5400+30:1800+30"]

1. d4 {[%emt 0:00:00]} Nf6 {[%emt 0:00:00]} 2. c4 {[%emt 0:00:00]} e6 {[%emt 0:00:00]} 3. g3 {[%emt 0:00:00]} Bb4+ {[%emt 0:00:00]} 4. Bd2 {[%emt 0:00:26]} a5 {[%emt 0:00:38]} 5. Bg2 {[%emt 0:00:47]} d6 {[%emt 0:02:20]} 6. Nf3 {[%emt 0:01:09]} Nbd7 {[%emt 0:00:34]} 7. O-O {[%emt 0:00:44]} e5 {[%emt 0:00:30]} 8. Nc3 {[%emt 0:09:23]} O-O {[%emt 0:10:11]} 9. Qc2 {[%emt 0:03:26]} Re8 {[%emt 0:14:33]} 10. Rad1 {[%emt 0:08:30]} c6 {[%emt 0:13:50]} 11. dxe5 {[%emt 0:22:50]} dxe5 {[%emt 0:00:50]} 12. Be3 {[%emt 0:02:37]} Bxc3 {[%emt 0:03:19]} 13. Qxc3 {[%emt 0:00:37]} Qe7 {[%emt 0:00:05]} 14. Nd2 {[%emt 0:05:02]} h6 {[%emt 0:09:56]} 15. h3 {[%emt 0:00:22]} Qb4 {[%emt 0:08:03]} 16. Qc2 {[%emt 0:03:14]} a4 {[%emt 0:04:01]} 17. Nb1 {[%emt 0:09:16]} Nb6 {[%emt 0:08:13]} 18. Qd2 {[%emt 0:06:33]} Qxd2 {[%emt 0:00:40]} 19. Nxd2 {[%emt 0:00:06]} Ra6 {[%emt 0:01:28]} 20. Rc1 {[%emt 0:05:48]} Be6 {[%emt 0:00:26]} 21. b3 {[%emt 0:00:25]} axb3 {[%emt 0:03:46]} 22. axb3 {[%emt 0:00:06]} Nbd7 {[%emt 0:00:07]} 23. b4 {[%emt 0:03:36]} Ra4 {[%emt 0:02:24]} 24. Rb1 {[%emt 0:01:34]} e4 {[%emt 0:02:32]} 25. Rfc1 {[%emt 0:01:34]} Bf5 {[%emt 0:00:24]} 26. b5 {[%emt 0:01:50]} c5 {[%emt 0:00:21]} 27. g4 {[%emt 0:00:24]} Bg6 {[%emt 0:00:25]} 28. b6 {[%emt 0:01:55]} Re6 {[%emt 0:03:07]} 29. Rb5 {[%emt 0:00:41]} Rxb6 {[%emt 0:00:09]} 30. Rxb6 {[%emt 0:00:20]} Nxb6 {[%emt 0:00:03]} 31. Bxc5 {[%emt 0:00:15]} Nbd7 {[%emt 0:00:03]} 32. Be3 {[%emt 0:02:59]} b6 {[%emt 0:00:32]} 33. Rb1 {[%emt 0:02:00]} Ra6 {[%emt 0:02:46]} 34. Rb2 {[%emt 0:03:04]} Kf8 {[%emt 0:00:13]} 35. f4 {[%emt 0:01:02]} exf3 {[%emt 0:00:05]} 36. Bxf3 Ke7 {[%emt 0:01:09]} 37. Kf2 {[%emt 0:00:17]} Kd6 {[%emt 0:03:15]} 38. Rb5 {[%emt 0:00:58]} Kc7 {[%emt 0:01:06]} 39. Bf4+ {[%emt 0:01:02]} Kc8 {[%emt 0:00:25]} 40. Be3 {[%emt 0:00:00]} Kc7 {[%emt 0:00:00]} 41. Bf4+ {[%emt 0:00:27]} Kc8 {[%emt 0:00:53]} 42. Be3 {[%emt 0:00:06]} 1/2-1/2

[Event "WSTCC-65 2020"]
[Site "Prague"]
[Date "2020.03.06"]
[Round "1.23"]
[White "Letzelter, Jean-Claude"]
[Black "Miles, Richard"]
[Result "1/2-1/2"]
[WhiteElo "2128"]
[BlackElo "1981"]
[Annotator "ChessBase"]
[PlyCount "80"]
[EventDate "2020.03.06"]
[EventType "team-tourn"]
[EventCountry "CZE"]
[SourceTitle "playchess.com"]
[Source "ChessBase"]
[SourceQuality "1"]
[TimeControl "40/5400+30:1800+30"]

1. e4 {[%emt 0:00:00]} c5 {[%emt 0:00:06]} 2. Nf3 {[%emt 0:00:00]} Nc6 {[%emt 0:00:31]} 3. Bb5 {[%emt 0:00:05]} g6 {[%emt 0:00:05]} 4. O-O {[%emt 0:00:11]} Bg7 {[%emt 0:00:15]} 5. Re1 {[%emt 0:00:24]} Nf6 {[%emt 0:01:53]} 6. Nc3 {[%emt 0:01:32]} O-O {[%emt 0:02:39]} 7. e5 {[%emt 0:02:07]} Ne8 {[%emt 0:03:30]} 8. d3 {[%emt 0:04:03]} Nc7 {[%emt 0:08:26]} 9. Bc4 {[%emt 0:09:42]} Na5 {[%emt 0:12:14]} 10. Bd5 {[%emt 0:05:47]} Nxd5 {[%emt 0:02:51]} 11. Nxd5 {[%emt 0:00:04]} h6 {[%emt 0:00:56]} 12. Bd2 {[%emt 0:06:15]} Nc6 {[%emt 0:00:41]} 13. Bc3 {[%emt 0:00:20]} d6 {[%emt 0:03:44]} 14. exd6 {[%emt 0:00:46]} Qxd6 {[%emt 0:00:47]} 15. Bxg7 {[%emt 0:02:51]} Kxg7 {[%emt 0:00:08]} 16. Nc3 {[%emt 0:01:32]} b6 {[%emt 0:02:35]} 17. Nb5 {[%emt 0:03:09]} Qd7 {[%emt 0:02:45]} 18. a4 {[%emt 0:05:40]} Bb7 {[%emt 0:07:35]} 19. Qe2 {[%emt 0:04:51]} Qf5 {[%emt 0:16:57]} 20. c3 {[%emt 0:12:32]} Rad8 {[%emt 0:07:49]} 21. Ne5 {[%emt 0:07:01]} Nxe5 {[%emt 0:05:09]} 22. Qxe5+ {[%emt 0:00:04]} Qxe5 {[%emt 0:00:08]} 23. Rxe5 {[%emt 0:00:07]} e6 {[%emt 0:01:31]} 24. Nxa7 {[%emt 0:04:56]} Rxd3 {[%emt 0:00:41]} 25. a5 {[%emt 0:00:22]} Kf6 {[%emt 0:06:38]} 26. Rae1 {[%emt 0:03:47]} Rd2 {[%emt 0:04:06]} 27. b4 {[%emt 0:09:52]} cxb4 {[%emt 0:00:25]} 28. cxb4 {[%emt 0:00:15]} bxa5 {[%emt 0:01:08]} 29. Rxa5 {[%emt 0:01:47]} Rb2 {[%emt 0:01:30]} 30. Rb5 {[%emt 0:06:59]} Bd5 {[%emt 0:00:13]} 31. Ra1 {[%emt 0:00:03]} Rd8 {[%emt 0:02:47]} 32. h4 {[%emt 0:01:50]} Ba2 {[%emt 0:00:35]} 33. Nc6 {[%emt 0:00:48]} Rdd2 {[%emt 0:00:06]} 34. Ne5 {[%emt 0:00:08]} h5 {[%emt 0:00:51]} 35. Kh1 {[%emt 0:01:39]} Bd5 {[%emt 0:01:02]} 36. Nd7+ {[%emt 0:01:03]} Kg7 {[%emt 0:01:06]} 37. Ne5 {[%emt 0:00:26]} Kf6 {[%emt 0:01:12]} 38. Nd7+ {[%emt 0:00:19]} Kg7 {[%emt 0:01:20]} 39. Ne5 {[%emt 0:00:04]} Kf6 {[%emt 0:00:43]} 40. Nd7+ {[%emt 0:00:00]} Kg7 {[%emt 0:00:00]} 1/2-1/2

[Event "WSTCC-65 2020"]
[Site "Prague"]
[Date "2020.03.06"]
[Round "1.24"]
[White "Taylor, Robert Graham"]
[Black "Canonne, Antoine"]
[Result "0-1"]
[WhiteElo "1840"]
[BlackElo "1917"]
[Annotator "ChessBase"]
[PlyCount "44"]
[EventDate "2020.03.06"]
[EventType "team-tourn"]
[EventCountry "CZE"]
[SourceTitle "playchess.com"]
[Source "ChessBase"]
[SourceQuality "1"]
[TimeControl "40/5400+30:1800+30"]

1. Nf3 {[%emt 0:00:00]} c5 {[%emt 0:00:00]} 2. g3 {[%emt 0:00:25]} Nc6 {[%emt 0:00:22]} 3. Bg2 {[%emt 0:00:33]} g6 {[%emt 0:00:50]} 4. O-O {[%emt 0:02:17]} Bg7 {[%emt 0:00:09]} 5. d3 {[%emt 0:01:31]} Nf6 {[%emt 0:01:24]} 6. Nbd2 {[%emt 0:04:11]} O-O {[%emt 0:00:15]} 7. c3 {[%emt 0:01:33]} d5 {[%emt 0:03:28]} 8. Qc2 {[%emt 0:03:33]} h6 {[%emt 0:06:30]} 9. a3 {[%emt 0:05:47]} Be6 {[%emt 0:01:21]} 10. Re1 {[%emt 0:05:53]} Qd7 {[%emt 0:04:03]} 11. e4 {[%emt 0:05:31]} dxe4 {[%emt 0:04:58]} 12. dxe4 {[%emt 0:01:05]} Rad8 {[%emt 0:01:37]} 13. Nf1 {[%emt 0:12:01]} Na5 {[%emt 0:13:01]} 14. N3d2 {[%emt 0:04:45]} Qb5 {[%emt 0:07:37]} 15. b4 {[%emt 0:10:27]} cxb4 {[%emt 0:01:31]} 16. axb4 {[%emt 0:00:47]} Nc6 {[%emt 0:02:57]} 17. Ne3 {[%emt 0:06:32]} a6 {[%emt 0:09:26]} 18. Rb1 {[%emt 0:12:17]} Qh5 {[%emt 0:02:32]} 19. f4 {[%emt 0:04:25]} Ng4 {[%emt 0:07:54]} 20. Ndf1 {[%emt 0:04:23]} Nxe3 {[%emt 0:02:09]} 21. Bxe3 {[%emt 0:00:43]} Rd7 {[%emt 0:02:45]} 22. Bf3 {[%emt 0:04:25]} Qxf3 0-1

[Event "WSTCC-65 2020"]
[Site "Prague"]
[Date "2020.03.06"]
[Round "1.25"]
[White "Nordstrom, Felix"]
[Black "Pribyl, Josef"]
[Result "1/2-1/2"]
[WhiteElo "2091"]
[BlackElo "2225"]
[Annotator "ChessBase"]
[PlyCount "111"]
[EventDate "2020.03.06"]
[EventType "team-tourn"]
[EventCountry "CZE"]
[SourceTitle "playchess.com"]
[Source "ChessBase"]
[SourceQuality "1"]
[TimeControl "40/5400+30:1800+30"]

1. d4 {[%emt 0:00:00]} Nf6 {[%emt 0:00:00]} 2. c4 {[%emt 0:00:00]} g6 {[%emt 0:00:00]} 3. Nc3 {[%emt 0:00:00]} d5 {[%emt 0:00:00]} 4. Bf4 {[%emt 0:00:31]} Bg7 {[%emt 0:00:00]} 5. e3 {[%emt 0:00:29]} c6 {[%emt 0:00:30]} 6. Nf3 {[%emt 0:00:57]} O-O {[%emt 0:00:11]} 7. Qb3 {[%emt 0:02:31]} Qb6 {[%emt 0:01:24]} 8. c5 {[%emt 0:05:15]} Qd8 {[%emt 0:01:43]} 9. Rc1 {[%emt 0:03:13]} Nh5 {[%emt 0:00:50]} 10. Be2 {[%emt 0:01:44]} Nxf4 {[%emt 0:00:18]} 11. exf4 {[%emt 0:00:01]} b6 {[%emt 0:05:05]} 12. Na4 {[%emt 0:01:32]} bxc5 {[%emt 0:16:53]} 13. Nxc5 {[%emt 0:02:02]} Qd6 {[%emt 0:04:02]} 14. Qe3 {[%emt 0:04:14]} Nd7 {[%emt 0:02:36]} 15. O-O {[%emt 0:02:38]} Rb8 {[%emt 0:00:02]} 16. Nxd7 {[%emt 0:04:08]} Bxd7 {[%emt 0:00:05]} 17. b3 {[%emt 0:02:17]} f6 {[%emt 0:01:05]} 18. g3 {[%emt 0:02:52]} Rfe8 {[%emt 0:03:04]} 19. Rfe1 {[%emt 0:02:02]} Qa3 {[%emt 0:00:58]} 20. Rc2 {[%emt 0:02:08]} a5 {[%emt 0:00:31]} 21. Qc1 {[%emt 0:09:13]} Qb4 {[%emt 0:02:05]} 22. Rd1 {[%emt 0:02:35]} a4 {[%emt 0:00:34]} 23. bxa4 {[%emt 0:02:48]} Qxa4 {[%emt 0:00:13]} 24. Rb2 {[%emt 0:05:32]} Bf8 {[%emt 0:02:17]} 25. Rdd2 {[%emt 0:02:08]} e6 {[%emt 0:00:37]} 26. Rxb8 {[%emt 0:03:34]} Rxb8 {[%emt 0:00:02]} 27. Bd1 {[%emt 0:01:13]} Qb4 {[%emt 0:02:49]} 28. Bb3 {[%emt 0:02:46]} Qa5 {[%emt 0:01:57]} 29. Rc2 {[%emt 0:02:05]} Bb4 {[%emt 0:01:04]} 30. h4 {[%emt 0:07:53]} Rc8 {[%emt 0:01:20]} 31. Kg2 {[%emt 0:02:14]} Kg7 {[%emt 0:00:52]} 32. Qe3 {[%emt 0:03:32]} c5 {[%emt 0:01:34]} 33. dxc5 {[%emt 0:02:19]} Rxc5 {[%emt 0:00:07]} 34. Nd4 {[%emt 0:03:53]} Rxc2 {[%emt 0:05:01]} 35. Nxc2 {[%emt 0:02:13]} Bc5 {[%emt 0:00:22]} 36. Qe2 {[%emt 0:02:12]} Qc3 {[%emt 0:02:46]} 37. Ne1 {[%emt 0:06:50]} Bd6 {[%emt 0:04:29]} 38. Qe3 {[%emt 0:02:10]} Qc7 {[%emt 0:05:02]} 39. Kg1 {[%emt 0:01:21]} Bc5 {[%emt 0:00:43]} 40. Qe2 {[%emt 0:00:00]} Qb6 {[%emt 0:00:00]} 41. Kg2 {[%emt 0:05:41]} Bb5 {[%emt 0:02:13]} 42. Qc2 {[%emt 0:01:19]} Bc6 {[%emt 0:03:26]} 43. Nd3 {[%emt 0:02:07]} Bd4 {[%emt 0:02:21]} 44. a3 {[%emt 0:06:40]} Bb7 {[%emt 0:02:02]} 45. Nb4 {[%emt 0:00:58]} Bc5 {[%emt 0:01:26]} 46. Ba4 {[%emt 0:05:05]} Kf7 {[%emt 0:04:37]} 47. h5 {[%emt 0:01:02]} Bxb4 {[%emt 0:03:00]} 48. axb4 {[%emt 0:01:15]} Qxb4 {[%emt 0:00:08]} 49. hxg6+ {[%emt 0:04:10]} hxg6 {[%emt 0:00:02]} 50. Qc7+ {[%emt 0:00:20]} Qe7 {[%emt 0:00:02]} 51. Qxe7+ {[%emt 0:00:50]} Kxe7 {[%emt 0:00:02]} 52. Bc2 {[%emt 0:00:13]} d4+ {[%emt 0:03:02]} 53. Kf1 {[%emt 0:01:12]} f5 {[%emt 0:01:20]} 54. Ke2 {[%emt 0:01:35]} Be4 {[%emt 0:00:03]} 55. Ba4 {[%emt 0:01:00]} Kd6 {[%emt 0:00:15]} 56. Be8 {[%emt 0:01:19]} 1/2-1/2

[Event "WSTCC-65 2020"]
[Site "Prague"]
[Date "2020.03.06"]
[Round "1.26"]
[White "Jurek, Josef"]
[Black "Carlsson, Ingvar"]
[Result "1/2-1/2"]
[WhiteElo "2254"]
[BlackElo "2038"]
[Annotator "ChessBase"]
[PlyCount "92"]
[EventDate "2020.03.06"]
[EventType "team-tourn"]
[EventCountry "CZE"]
[SourceTitle "playchess.com"]
[Source "ChessBase"]
[SourceQuality "1"]
[TimeControl "40/5400+30:1800+30"]

1. Nf3 {[%emt 0:00:00]} Nf6 {[%emt 0:00:00]} 2. c4 {[%emt 0:00:00]} g6 {[%emt 0:00:00]} 3. d4 {[%emt 0:00:10]} d5 {[%emt 0:00:09]} 4. cxd5 {[%emt 0:00:55]} Bg7 {[%emt 0:00:50]} 5. g3 {[%emt 0:02:50]} Nxd5 {[%emt 0:01:41]} 6. Bg2 {[%emt 0:00:15]} Nb6 {[%emt 0:00:34]} 7. Nc3 {[%emt 0:00:47]} Nc6 {[%emt 0:02:10]} 8. e3 {[%emt 0:00:49]} O-O {[%emt 0:00:17]} 9. O-O {[%emt 0:00:16]} Re8 {[%emt 0:00:30]} 10. Re1 {[%emt 0:01:07]} e5 {[%emt 0:12:51]} 11. d5 {[%emt 0:00:53]} Ne7 {[%emt 0:08:32]} 12. e4 {[%emt 0:01:27]} Nc4 {[%emt 0:00:16]} 13. b3 {[%emt 0:10:12]} Nd6 {[%emt 0:00:15]} 14. Ba3 {[%emt 0:00:54]} Bd7 {[%emt 0:08:50]} 15. Rc1 {[%emt 0:05:23]} Nec8 {[%emt 0:01:36]} 16. Nd2 {[%emt 0:08:09]} Bh6 {[%emt 0:14:40]} 17. Rc2 {[%emt 0:03:53]} a5 {[%emt 0:06:36]} 18. Bc1 {[%emt 0:08:35]} b5 {[%emt 0:19:45]} 19. f4 {[%emt 0:08:17]} f6 {[%emt 0:07:15]} 20. fxe5 {[%emt 0:08:51]} fxe5 {[%emt 0:01:13]} 21. Nf3 {[%emt 0:00:31]} Bxc1 {[%emt 0:00:22]} 22. Qxc1 {[%emt 0:00:25]} a4 {[%emt 0:00:36]} 23. Nd1 {[%emt 0:03:23]} axb3 {[%emt 0:00:27]} 24. axb3 {[%emt 0:00:17]} Ra7 {[%emt 0:01:27]} 25. Nf2 {[%emt 0:03:10]} Nf7 {[%emt 0:02:31]} 26. Nd3 {[%emt 0:04:35]} Ncd6 {[%emt 0:00:58]} 27. Nb4 {[%emt 0:04:03]} Qb8 {[%emt 0:03:24]} 28. Nc6 {[%emt 0:05:06]} Bxc6 {[%emt 0:00:06]} 29. Rxc6 {[%emt 0:00:22]} b4 {[%emt 0:00:35]} 30. Bh3 {[%emt 0:04:42]} Kg7 {[%emt 0:01:33]} 31. Be6 {[%emt 0:06:48]} Nd8 {[%emt 0:01:40]} 32. Nxe5 {[%emt 0:00:17]} Nxc6 {[%emt 0:01:19]} 33. Nxc6 {[%emt 0:00:14]} Qb6+ {[%emt 0:00:09]} 34. Kh1 {[%emt 0:00:25]} Ra2 {[%emt 0:01:19]} 35. Qf4 {[%emt 0:04:45]} Rf8 {[%emt 0:02:12]} 36. Qe5+ {[%emt 0:00:44]} Kh6 {[%emt 0:00:08]} 37. Nd4 {[%emt 0:02:28]} Rff2 {[%emt 0:00:20]} 38. h4 {[%emt 0:01:56]} Rh2+ 39. Kg1 Rhg2+ {[%emt 0:00:50]} 40. Kh1 {[%emt 0:00:00]} Rh2+ {[%emt 0:00:00]} 41. Kg1 {[%emt 0:00:28]} Rag2+ {[%emt 0:12:53]} 42. Kf1 {[%emt 0:00:28]} Rf2+ {[%emt 0:12:00]} 43. Kg1 {[%emt 0:00:23]} Rfg2+ {[%emt 0:00:44]} 44. Kf1 {[%emt 0:00:12]} Qa6+ {[%emt 0:00:29]} 45. Ne2 {[%emt 0:00:19]} Rf2+ {[%emt 0:05:06]} 46. Kg1 {[%emt 0:00:08]} Rfg2+ 1/2-1/2